| 000 | 00570nam a2200169Ia 4500 | ||
|---|---|---|---|
| 008 | 090201s9999 xx 000 0 und d | ||
| 010 | _aKPL-23642 | ||
| 040 | _bमराठी | ||
| 041 | _aमराठी | ||
| 082 |
_a40809 _b23642 |
||
| 100 | _aगौतम पंडीत | ||
| 245 |
_aनेताजी सुभाषचंद्र बोस _cगौतम पंडीत |
||
| 260 |
_c2004 _bमीनल प्रकाशन |
||
| 300 |
_a171 _bमोठा |
||
| 600 | _aनेताजी सुभाषचंद्र बोस | ||
| 942 | _cBOOK | ||
| 999 |
_c238042 _d238042 |
||